000 00529ntaaa2200205 4500
003 01
005 20251027201425.0
008 0714s1973 ag 01
040 _aAR-BaBN
_bspa
_cAR-BaBN
_eaacr
_dRIC
082 _a289.7000 W48
100 _aWenger, John Christian
245 _aCompendio de Historia y Doctrina Menonitas
250 _a1 ed. :
_bAurora,
_cc1960
300 _a284 p.
650 _aHistoria Eclesiástica
650 _aReforma
_95724
650 _aMenonitas
650 _aTeología-Menonitas
_912803
942 _cBK
999 _c8772
_d8772